000 00962nam a2200289 a 4500
001 000111753
003 CHAP
005 20220329144227.0
008 150724s2014 mx |rm |0|||||spa d
010 _a108214
011 _a109186
040 _cCHAP
090 _aTesis
100 1 _aJiménez Gutiérrez, Jobany
_9129706
245 1 0 _aComportamiento productivo de cabritos criollos en pastoreo suplementados con tres niveles de grano de maíz molido /
_cpor Jobany Jiménez Gutiérrez.
260 _aCocula, Gro. :
_bEl autor,
_c2014.
300 _aiv, 41 h.
502 _aTesis (Ing. Agr. Zootecnista) -- CSAEGRO. Centro de Estudios Profesionales
590 _aE5765TAJ
_b05
_c20150724
_lUCH01
_h1126
590 _aE5765TAJ
_b05
_c20150724
_lUCH01
_h1137
650 1 4 _aGanado cabrío
_xAlimentación.
_944990
650 1 4 _aGanado cabrío
_xPastoreo.
_945036
650 1 4 _aGanado cabrío
_xPeso.
_945037
901 _aBK
942 _cTESIS
942 _n0
999 _c108214
_d108214